| 000 | 00000nam##2200000za#4500 |
| 001 | 9.663465 |
| 003 | CaOODSP |
| 005 | 20200401053850 |
| 007 | ta |
| 008 | 150407|2002||||xxc||||| f|0| 0 eng|d |
| 020 | |a0-662-66316-0 |
| 040 | |aCaOODSP|beng |
| 041 | |aeng |
| 041 | |afre |
| 043 | |an-cn--- |
| 086 | 1 |aSF31-60/2002 |
| 110 | 1 |aCanada. |bOffice of the Commissioner of Official Languages. |
| 245 | 10|aFrench on the Internet : |bkey to the Canadian identity and the knowledge economy |
| 260 | |aOttawa - Ontario : |bOffice of the Commissioner of Official Languages |c2002. |
| 300 | |aEnglish text, 52p. : |bfigs. ; |c28 cm. |
| 504 | |aBibliography. |
| 546 | |aBilingual |
| 563 | |aSoftcover |
| 590 | |a02-16|b2002-04-19 |
| 690 | 07|aInternet|2gcpds |
| 690 | 07|aFrench language|2gcpds |
| 776 | 0#|tFrench on the Internet : |w(CaOODSP)9.695972 |
| 776 | 0#|tLe français sur Internet : |w(CaOODSP)9.640090 |
| 792 | |tLe français sur Internet : |efre|w(CaOODSP)9.663466 |